Представление документа в формате RUSMARC

Поле Инд. ПП Название Значение
Тип записи a
Библиографический уровень a
001 Контрольный номер f1431824e3b54aeca7deae078c95c850
005 Дата корректировки 20231006112054.9
100 a Данные общей обработки 20211223 ||| 0rusy0189 ca
101 0_ a Язык текста rus
102 a Страна публикации RU
200 1_ f Первые сведения об ответственности А.М. Черных
a Заглавие Блокчейн и обработка судебной информации
b Общее обозначение материала Текст
203 a Вид содержания Текст : электронный
210 1_ d Дата издания 2021
300 a Общие примечания Чтение статьи доступно в Источнике
336 a Примечание о виде электронного ресурса PDF
461 _0 1 2000
a Российское правосудие
463 _0 1 2000
a № 9
b Электронный ресурс
v С. 54-62
1 2101
d 2021
1 001866608069a1d4462afd94c6e64464f35
606 a Основная рубрика Право. Юридические науки
x Основная подрубрика Информационное право
610 0_ a Ключевые слова ЭЛЕКТРОННЫЙ ДОКУМЕНТ
a Ключевые слова ЭЛЕКТРОННАЯ ЦИФРОВАЯ ПОДПИСЬ
a Ключевые слова ИННОВАЦИИ
a Ключевые слова РГУП.
700 _1 a Фамилия Черных
b Имя А.М.
801 _0 a Страна RU
b Организация РГУП
c Дата составления 20211223
g Правила каталогизации PSBO
801 _1 a Страна RU
b Организация РГУП
c Дата составления 20211223
g Правила каталогизации PSBO
901 t Тип документа b
w Контрольный № источника 866608069a1d4462afd94c6e64464f35
905 a Дата ввода 20211223
952 k Публикации кафедры Информационного права, Информатики и Математики